South Eastern Kenya University

Library Online Public Access Catalogue


Engineering economic analysis (Record no. 10146)

MARC details
000 -LEADER
fixed length control field 00667pam a2200241 i 4500
001 - CONTROL NUMBER
control field 2753731
003 - CONTROL NUMBER IDENTIFIER
control field OSt
005 - DATE AND TIME OF LATEST TRANSACTION
control field 20160201092353.0
008 - FIXED-LENGTH DATA ELEMENTS--GENERAL INFORMATION
fixed length control field 790418s1980 cau b 001 0 eng
010 ## - LIBRARY OF CONGRESS CONTROL NUMBER
LC control number 79013237
020 ## - INTERNATIONAL STANDARD BOOK NUMBER
International Standard Book Number 9780195336245
Terms of availability $18.95
040 ## - CATALOGING SOURCE
Original cataloging agency SEKU
050 00 - LIBRARY OF CONGRESS CALL NUMBER
Classification number TA 177.4
Item number .N4 1980
100 1# - MAIN ENTRY--PERSONAL NAME
Personal name Newnan, Donald G.
245 10 - TITLE STATEMENT
Title Engineering economic analysis
Statement of responsibility, etc. Donald G. Newnan.
250 ## - EDITION STATEMENT
Edition statement 10th ed.
260 ## - PUBLICATION, DISTRIBUTION, ETC. (IMPRINT)
Place of publication, distribution, etc. San Jose, Calif. :
Name of publisher, distributor, etc. Engineering Press,
Date of publication, distribution, etc. 1980.
300 ## - PHYSICAL DESCRIPTION
Extent viii, 470 p. :
Other physical details graphs ;
Dimensions 24 cm.
500 ## - GENERAL NOTE
General note Includes index.
504 ## - BIBLIOGRAPHY, ETC. NOTE
Bibliography, etc Bibliography: p. 461-463.
650 #0 - SUBJECT ADDED ENTRY--TOPICAL TERM
Topical term or geographic name as entry element Engineering economy.
942 ## - ADDED ENTRY ELEMENTS (KOHA)
Source of classification or shelving scheme Library of Congress Classification
Koha item type General circulation
Holdings
Withdrawn status Lost status Source of classification or shelving scheme Damaged status Not for loan Home library Current library Shelving location Date acquired Source of acquisition Total Checkouts Full call number Barcode Date last seen Date last checked out Price effective from Koha item type Public note
    Library of Congress Classification     Main Campus Library Main Campus Library General Stacks 01/02/2016 Donation-books for Africa 1 TA 177.4 .N4 1980 2016/013692 20/03/2025 06/03/2025 01/02/2016 General circulation A.K.
Kitui, Kenya.
+254736116989
library@seku.ac.ke